| 000 | 00737nam a2200289Ia 4500 | ||
|---|---|---|---|
| 003 | LK-CoDNM | ||
| 005 | 20240729144127.0 | ||
| 008 | 010623t1908 xxu||||| |||| 00| 1 eng d | ||
| 040 |
_aLK-CoDNM _dLK-CoDNM _eLK-CoDNM |
||
| 041 | _aeng | ||
| 080 |
_a14 _bU22 |
||
| 245 | _aA Guide to the Exhibition Illustrating Greek and Roman Life | ||
| 260 |
_bThe Trustees _aLondon _c1908 |
||
| 300 | _bxvi, 242p. : ill ; 22 cm | ||
| 500 | _aBritish Museum Department of Greek and Roman Antiquities | ||
| 650 | _aArts | ||
| 650 | _aAthletics | ||
| 650 | _aCoins | ||
| 650 | _aDancing | ||
| 650 | _aDrama | ||
| 650 | _aGames | ||
| 650 | _aMusic | ||
| 650 | _aPainting | ||
| 650 | _aPolitics | ||
| 650 | _aShipping | ||
| 942 | _cBK | ||
| 999 |
_c86648 _d86648 |
||